000 00401nam a2200157Ia 4500
005 20250703023956.0
008 240331s9999 xx 000 0 und d
020 _a9559169041
082 _bBAL
_a891
100 _aBalasuriya,S
245 0 _aSagruhitha sinhala ketikatha
260 _aKelaniya
_bClassical expressions
_c1995
300 _a352
500 _aCollected Sinhala Short Stories
942 _cL
999 _c4793
_d4793